Riconosci il calciatore dalla foto - Quiz n°5 - Statistics

Statistiche generali
  • Questo quiz è stato fatto 237 volte
  • Il punteggio medio è 6 su 10
Statistiche sulle risposte
con Immagini Risposta % Corretto
Carlos Bacca
89%
Mattia De Sciglio
89%
Eric Dier
74%
Niklas Süle
73%
Nabil Fekir
71%
Ruben Neves
67%
Filipe Luis
60%
Diego Lopez
53%
Shkodran Mustafi
48%
Asier Illarramendi
10%
Nessun quiz corrispondente trovato
Distribuzione punteggi
Percentuale di utenti per punteggio
Percentile per numero di risposta
I tuoi punteggi nel tempo
Non hai fatto questo quiz